Normal view
MARC view
- Dungarwal Sayali S - 2K131127; Prof. Pallavi Kasande - Guide & [Company Name] - KPIT CUMMINS INFOSYSTEMS LTD
Entry Personal Name
001 - CONTROL NUMBER
- control field: 103250
003 - CONTROL NUMBER IDENTIFIER
- control field: OSt
005 - DATE AND TIME OF LATEST TRANSACTION
- control field: 20221007220510.0
008 - FIXED-LENGTH DATA ELEMENTS
- fixed length control field: 221007|| aca||aabn | a|a d
040 ## - CATALOGING SOURCE
- Original cataloging agency: OSt
- Transcribing agency: OSt
100 ## - HEADING--PERSONAL NAME
- Personal name: Dungarwal Sayali S - 2K131127; Prof. Pallavi Kasande - Guide & [Company Name] - KPIT CUMMINS INFOSYSTEMS LTD
670 ## - SOURCE DATA FOUND
- Source citation: Work cat.: (OSt)73611: Dungarwal Sayali S - 2K131127; Prof. Pallavi Kasande - Guide & [Company Name] - KPIT CUMMINS INFOSYSTEMS LTD, Study Of Cost Effective Green Mobility For Launching Of Kpit's New Fuel Efficient Automotive Product(Revolo) Carried Out At Kpit Cummins Infosystems Ltd, Sep-14